IQ Joy Of Knowlege/ (Record no. 206795)

MARC details
000 -LEADER
fixed length control field 00540nam a2200193 4500
005 - DATE AND TIME OF LATEST TRANSACTION
control field 20241028114936.0
010 ## - LCCN (DPL NO)
LC control number ENG-142474
020 ## - INTERNATIONAL STANDARD BOOK NUMBER
Terms of availability 350.00
035 ## - SYSTEM CONTROL NUMBER
System control number EN-126006
037 ## - SOURCE OF ACQUISITION
Source of stock number/acquisition DBAD
082 ## - DEWEY DECIMAL CLASSIFICATION NUMBER
Classification number 030
100 ## - MAIN ENTRY--PERSONAL NAME
Personal name Sandeep, Kumar
245 ## - TITLE STATEMENT
Title IQ Joy Of Knowlege/
Remainder of title Sandeep Kumar
250 ## - EDITION STATEMENT
Edition statement First
260 ## - PUBLICATION, DISTRIBUTION, ETC. (IMPRINT)
Name of publisher, distributor, etc Sandeep Kumar
Date of publication, distribution, etc 2011
Place of publication, distribution, etc New Delhi
270 ## - ADDRESS
Address 30/21A, Gali No. 9, !st Floor, Vishwas Nagar, Shahdara
City Delhi
Postal code 110032
300 ## - PHYSICAL DESCRIPTION
Extent 272p.
Dimensions 22cm(hb)
942 ## - ADDED ENTRY ELEMENTS (KOHA)
Source of classification or shelving scheme Dewey Decimal Classification
Item type English Books
Classification part 030
Call number suffix SAN
Edition 2011
Holdings
Withdrawn status Lost status Not for loan Collection code Home library Current library Date acquired Source of acquisition Cost, normal purchase price Full call number Barcode Copy number Cost, replacement price Koha item type
      Non-fiction Bawana Bawana 28/10/2024 DBAD 350.00 030 SAN EN-126006 1 350.00 English Books

© Delhi Public Library
Hit Counter
free hit counter